000 01538nam a2200265Ii 4500
003 JO-AjNU
005 20240624092426.0
008 230605s9999||||xx |||||||||||||| ||und||
040 _aJO-AjNU
_bara
_erda
_cJO-AjNU
041 _aara
050 _aHG4028.
_bA3264 2017
100 1 _aعفانه، عدي حسين ابراهيم
_964912
_eمعد
245 0 _aدور النسب المالية بالتنبؤ بعوائد اسهم الشركات الصناعية والخدمية المدرجة في بورصة عمان : (دراسة تحليلية) = Role of Financial Ratios to Predict the Stock Returns for Industrial & Services Companies Listed on Amman Stock Exchange : (Analytical Study) /
_cاعداد عدي حسين ابراهيم عفانه ؛ اشراف عبدالستار عبدالجبار الكبيسي
260 _c2017
300 _a129 ورقة
336 _atext
_btxt
_2rdacontent
337 _aunmediated
_bn
_2rdamedia
338 _avolume
_bnc
_2rdacarrier
500 _aرسالة جامعية (رسالة ماجستير) .- جامعة العلوم الاسلامية (عمان،الاردن)، كلية الدراسات العليا، قسم المحاسبة، 2017.
501 _aتحتوي على ملاحق
504 _aتحتوي على مراجع باللغتين العربية والانجليزية
650 4 0 _aالارباح-توزيع-الشركات الصناعية-الاردن.
_964915
700 1 _aالكبيسي، عبدالستار عبدالجبار
_964916
_eمشرف
942 _2lcc
_cTHS
999 _c33020
_d33020